City of London Places - Sudden Death - Statistics

General Stats
  • This quiz has been taken 141 times
  • The average score is 4 of 8
Answers on the Grid
Answers color-coded by a green-red scale on the quiz's grid according to % correct below.
Aldgate
Barbican
Billericay
Billingsgate
Bishopsgate
Blackfriars
Brentwood
Cripplegate
Dagenham
Dartford
Enfield
Luton
Portsoken
Royston
Sevenoaks
Solihull
Tewkesbury
Tower
Tring
Wimbledon
 
Answer Stats
Answer % Correct
Blackfriars
67%
Barbican
62%
Aldgate
61%
Tower
60%
Bishopsgate
52%
Billingsgate
50%
Cripplegate
38%
Portsoken
27%
No matching quizzes found
Score Distribution
Percent of People with Each Score
Percentile by Number Answered
Your Score History
You have not taken this quiz